000 00345nam a2200145 i 4500
001 bg
100 1 _aDUPREY, Bernard
245 0 _aIsolation et insonorisation des menuiseries /
_cBernard Duprey.
260 _aParis,
_c1971.
040 _cBPK
041 _apol
080 _a699.8
942 _cKS
008 s pl f |000 0 pol
999 _c18198
_d18198
856 _uhttp://koha.tu.koszalin.pl/cgi-bin/koha/opac-detail.pl?biblionumber=18198
_yKatalog online BPK